[Event "Latin Am zt16 sf2 email"]
[Site "CADAP email"]
[Date "2002.03.31"]
[Round "?"]
[White "Abdala, Hilda Noemi"]
[Black "Guevara Castillo, Francisco Javier"]
[Result "1/2-1/2"]
[WhiteElo "2160"]
[BlackElo "2462"]
[PlyCount "55"]
[EventDate "2002.03.31"]
[EventType "tourn (corr)"]
[EventRounds "14"]
[SourceTitle "Corr 2006"]
[Source "ChessBase"]
[SourceDate "2006.04.01"]
[SourceVersion "3"]
[SourceVersionDate "2006.04.01"]
[SourceQuality "1"]

1. e4 c5 2. Nf3 d6 3. d4 cxd4 4. Nxd4 Nf6 5. Nc3 g6 6. Be3 Bg7 7. f3 0-0 8. Qd2 Nc6 9. Bc4 Bd7 10. 0-0-0 Rc8 11. Bb3 Ne5 12. h4 h5 13. Kb1 Nc4 14. Bxc4 Rxc4 15. Nde2 b5 16. Bh6 Qa5 17. Bxg7 Kxg7 18. Nf4 Rfc8 19. Ncd5 Qxd2 20. Rxd2 Nxd5 21. Nxd5 Kf8 22. Re1 R8c6 23. c3 a5 24. g3 f6 25. Red1 Kf7 26. Ne3 R4c5 27. Nd5 Ra6 28. Ka1 1/2-1/2